| 000 | 00694nam a22002057a 4500 | ||
|---|---|---|---|
| 999 |
_c192515 _d192515 |
||
| 005 | 20220926122535.0 | ||
| 010 | _aB-745688 | ||
| 020 |
_a9780070656130 _c999.00 |
||
| 037 | _bTata McGraw-Hill Education PVT. LTD. | ||
| 082 | _a347.7 | ||
| 100 | _aPathak, Akhileshwar | ||
| 245 |
_aLegal Aspects of Business/ _cAkhileshwar Pathak |
||
| 250 | _a3rd | ||
| 260 |
_aNew Delhi _bTata McGraw-Hill Education PVT. LTD. |
||
| 270 |
_a7 West Patel Nagar, _bNew Delhi _e110063 |
||
| 300 |
_axxi,573p. _bill. _c24 cm (pb) |
||
| 500 | _aSubject Index | ||
| 942 |
_2ddc _cEN _h347.7 _mPAT |
||